000 00917nam a2200301 i 4500
001 000010281
003 DO-SdBNP
005 20240412074216.0
007 ta
008 091006s1973 dr 000 0 spa d
040 _aDO-SdBNP
_bspa
_cBNPHU
_erda
082 _aRD861.44
_bE91d
_222
100 1 _aEusebio, Enrique,
_d1948-
_925296
_eautor
245 1 0 _aDesde la presencia del mar hasta el centro de la vida /
_cEnrique Eusebio.
264 _aSanto Domingo :
_bUASD,
_c1973.
300 _a57 paginas. ;
_c21 cm.
336 _2rdacontent
_atexto
_btxt
337 _2rdamedia
_asin mediación
_bn
338 _2rdacarrier
_avolumen
_bnc
490 1 _aPoesía ;
_v2
590 _aInventariado, 2020/ YL
650 0 _aPoesía dominicana
_966
650 0 _aLiteratura dominicana.
_967
710 1 _aUniversidad Autónoma de Santo Domingo
_972951
830 0 _aPoesía ;
_n2
_923509
910 _aYL
942 _2ddc
_cLBS1
999 _c10040
_d10040